| 000 | 00672nam a22001937a 4500 | ||
|---|---|---|---|
| 003 | LC | ||
| 005 | 20160309180534.0 | ||
| 008 | 160309b xxu||||| |||| 00| 0 eng d | ||
| 020 | _a9781484162088 | ||
| 050 | _aG 154 .OG34 2013 | ||
| 100 | _aOgg, Tom | ||
| 245 |
_aHow to start a home based travel agency : _bworkbook _cTom and Joanie Ogg |
||
| 260 |
_aUSA : _bTom Ogg & Associates _c2013 |
||
| 300 |
_a1 volume (various pagings) _billustrations., _c28 cm. |
||
| 650 | _aTravel agents -- Handbooks, manuals, etc. | ||
| 650 | _aHome-based businesses -- Handbooks, manuals, etc. | ||
| 650 | _aNew business enterprises -- Handbooks, manuals, etc. | ||
| 942 |
_2lcc _cBK |
||
| 999 |
_c291527 _d291527 |
||